000 00258nam a2200109Ia 4500
008 220204s9999 xx 000 0 und d
082 _a339.1
_bHIL
245 0 _aHow to win world markets
260 _aOttawa
_bQueen
_c1967
700 _aHill, Mary
942 _cBK
999 _c22216
_d22216